00271nam a2200097Ia 4500008004100000041000800041100002800049245004200077260003500119999001900154241105s9999 xx 000 0 und d aeng aPandey Aradhana9182581 aCity Interpretation Centre At Lucknow bFinal Year B. Arch, BNCAc2014 c360872d360872